000 00639cam a22002055a 4500
001 L158589
008 150506s2014 xxk f 000 0 eng d
020 _a9781118719800
035 _a(Sirsi) u158589
041 0 _aeng
050 0 4 _a692.8
100 1 _aGarber, Richard
245 0 0 _aBim design; realising the creative potential of building information modelling
260 _aChichester
_bWiley
_c2014
520 _aDemonstrates how innovative firms are using BIM technologies to engage with the built environment in a different way
521 _aAdvanced
651 4 _aUnited Kingdom
_y
690 _aCONSTRUCTION
942 _n0
999 _c115406
_d115406